00941nam a22002417a 450000500170000001000130001702000220003003500130005203700160006504000120008108200120009310000200010524500810012526000420020627000600024830000240030850000510033265000480038365000770043194200260050899900190053495201460055320170124105918.0 aA-936406 c00.00a8186030441 aA-936406 bCen Lib/Ret aDPLbEN a307.772 aDavindera93525 aSocialization and education of nomad children in Delhi state /cby Davindera aNew DelhibRegency Publicationsc1997 a20/36-G, Old Market, West Patel NgarbNew Delhie110008 axii,160p.c22cm(Hb) aIncludes bibliographical references and index aChildren of nomads - India - Delhi. 974992 aChildren with social disabilities -- Education -- India -- Delhi.974993 2ddccENh307.772mDAV c122989d122989 04104070aLbLd2015-06-01eCen Lib/Retg0.00l0o307.772 DAVpA-936406r2015-06-01 00:00:00t1v0.00w2015-06-01yENzW/d list no. 6841/20